[Event "Sydney International Open"]
[Site "Parramatta, NSW"]
[Date "2009.04.17"]
[Round "5.46"]
[White "Barisic, Frank"]
[Black "Wang, Oscar"]
[Result "1/2-1/2"]
[WhiteElo "1615"]
[BlackElo "1910"]
[PlyCount "65"]
[EventDate "2009.04.15"]
[EventType "swiss"]
[EventRounds "9"]
[EventCountry "AUS"]
[SourceDate "2009.04.15"]

1. Nf3 d5 2. g3 e6 3. Bg2 Nf6 4. d4 Bd6 5. Nc3 O-O 6. O-O a6 7. Re1 b6 8. e4
dxe4 9. Nxe4 Nxe4 10. Rxe4 Bb7 11. Re1 Nd7 12. Qd3 Nf6 13. Bg5 Re8 14. Rad1 a5
15. a3 Rb8 16. h3 h6 17. Bxf6 Qxf6 18. Ne5 Bxe5 19. dxe5 Qe7 20. Bxb7 Rxb7 21.
Qd7 c5 22. Qxe7 Rexe7 23. Rd6 Red7 24. Red1 Rxd6 25. Rxd6 Kf8 26. Kf1 Ke7 27.
Ke2 g6 28. a4 f6 29. f4 fxe5 30. fxe5 Rb8 31. Ke3 Rb7 32. b3 Rb8 33. Ke4
1/2-1/2

[Event "Sydney International Open"]
[Site "Parramatta, NSW"]
[Date "2009.04.17"]
[Round "5.47"]
[White "Camer, Angelito"]
[Black "Wan, Kinto"]
[Result "1/2-1/2"]
[WhiteElo "2013"]
[BlackElo "1402"]
[PlyCount "48"]
[EventDate "2009.04.15"]
[EventType "swiss"]
[EventRounds "9"]
[EventCountry "AUS"]
[SourceDate "2009.04.15"]

1. d4 Nf6 2. c4 e5 3. d5 Bc5 4. Nc3 d6 5. e3 O-O 6. Nf3 Ne8 7. Be2 f5 8. O-O
Qf6 9. Na4 Nd7 10. a3 a5 11. Nxc5 Nxc5 12. b3 Bd7 13. Bb2 Qg6 14. Qc2 Nf6 15.
Bd1 Ng4 16. Nd2 e4 17. Bd4 Nd3 18. Bxg4 fxg4 19. Rad1 Bf5 20. Nb1 Rf7 21. Nc3
c5 22. dxc6 bxc6 23. Ne2 Qh6 24. Nc1 Raf8 1/2-1/2

[Event "Sydney International Open"]
[Site "Parramatta, NSW"]
[Date "2009.04.17"]
[Round "5.48"]
[White "Ruan, Harry"]
[Black "McKenzie, Mark"]
[Result "1-0"]
[WhiteElo "1815"]
[BlackElo "1203"]
[PlyCount "65"]
[EventDate "2009.04.15"]
[EventType "swiss"]
[EventRounds "9"]
[EventCountry "AUS"]
[SourceDate "2009.04.15"]

1. e4 e5 2. Nf3 Nc6 3. d4 exd4 4. Nxd4 Qf6 5. Be3 Bc5 6. c3 Nxd4 7. cxd4 Bb4+
8. Nc3 Qc6 9. Qc2 Nf6 10. Bd3 Bxc3+ 11. bxc3 d5 12. e5 Ne4 13. Rc1 Bf5 14. f3
O-O 15. fxe4 Bxe4 16. Bxe4 Kh8 17. Bf3 Rae8 18. O-O f5 19. c4 Qg6 20. cxd5 Rc8
21. d6 Rf7 22. Bxb7 Rb8 23. dxc7 Rbf8 24. c8=Q Qb6 25. Bd5 Kg8 26. Q2c4 Qg6 27.
Bxf7+ Qxf7 28. e6 Qe7 29. Bg5 Rxc8 30. Qxc8+ Qf8 31. e7 Qxc8 32. Rxc8+ Kf7 33.
e8=Q# 1-0

[Event "Sydney International Open"]
[Site "Parramatta, NSW"]
[Date "2009.04.17"]
[Round "5.49"]
[White "Brockman, Roland"]
[Black "Draup, Hj Abang Azman"]
[Result "1-0"]
[WhiteElo "1764"]
[BlackElo "1725"]
[PlyCount "81"]
[EventDate "2009.04.15"]
[EventType "swiss"]
[EventRounds "9"]
[EventCountry "AUS"]
[SourceDate "2009.04.15"]

1. d4 f5 2. g3 d5 3. Bg2 Nf6 4. Nf3 e6 5. O-O Be7 6. c4 c6 7. Nc3 O-O 8. Qc2
Ne4 9. Ne5 Nd7 10. Nxd7 Bxd7 11. f3 Nxc3 12. Qxc3 Qe8 13. Bf4 Qh5 14. e4 Rac8
15. Rae1 g5 16. Be5 Bf6 17. Bxf6 Rxf6 18. exf5 exf5 19. Re7 Rf7 20. Rfe1 Qg6
21. Qb4 Rc7 22. Rxf7 Qxf7 23. Qd6 Bc8 24. Qd8+ Kg7 25. Qxg5+ Qg6 26. Re7+ Rxe7
27. Qxe7+ Qf7 28. Qxf7+ Kxf7 29. cxd5 cxd5 30. f4 Be6 31. Kf2 h5 32. Bf3 Kg6
33. Ke3 a6 34. Kd3 b6 35. Kc3 Kh6 36. Kb4 Kg6 37. h4 Bf7 38. a4 Kf6 39. a5 b5
40. Kc5 Ke6 41. Bxd5+ 1-0

[Event "Sydney International Open"]
[Site "Parramatta, NSW"]
[Date "2009.04.17"]
[Round "6.1"]
[White "Zhao, Zong Yuan"]
[Black "Xie, George"]
[Result "1/2-1/2"]
[WhiteElo "2583"]
[BlackElo "2402"]
[PlyCount "52"]
[EventDate "2009.04.15"]
[EventType "swiss"]
[EventRounds "9"]
[EventCountry "AUS"]
[SourceDate "2009.04.15"]

1. d4 d5 2. c4 c6 3. Nc3 Nf6 4. Nf3 g6 5. Bf4 Bg7 6. e3 O-O 7. h3 dxc4 8. Bxc4
Nbd7 9. O-O Nb6 10. Bd3 Nfd5 11. Bg3 Nxc3 12. bxc3 c5 13. Qe2 Bd7 14. Rac1 Rc8
15. c4 cxd4 16. exd4 e6 17. Ne5 Ba4 18. Qb2 Nd7 19. Rfe1 Nxe5 20. Bxe5 Bxe5 21.
Rxe5 Qd7 22. Rce1 Bc6 23. Bf1 Rcd8 24. Rd1 Qc7 25. Re2 Rd7 26. Red2 Rfd8
1/2-1/2

[Event "Sydney International Open"]
[Site "Parramatta, NSW"]
[Date "2009.04.17"]
[Round "6.2"]
[White "Reinderman, Dimitri"]
[Black "Johansen, Darryl"]
[Result "0-1"]
[WhiteElo "2560"]
[BlackElo "2452"]
[PlyCount "50"]
[EventDate "2009.04.15"]
[EventType "swiss"]
[EventRounds "9"]
[EventCountry "AUS"]
[SourceDate "2009.04.15"]

1. c4 e5 2. Nc3 Bb4 3. Nd5 Bc5 4. e3 Nf6 5. b4 Nxd5 6. bxc5 Nf6 7. a4 O-O 8.
Ba3 Re8 9. Nf3 b6 10. Be2 bxc5 11. Bxc5 d6 12. Ba3 Nc6 13. d4 Ne4 14. Rc1 exd4
15. exd4 Bg4 16. O-O Ng5 17. h3 Nxf3+ 18. Bxf3 Bxf3 19. gxf3 Qg5+ 20. Kh2 Qf4+
21. Kg2 Nxd4 22. Bb2 Ne2 23. Rc2 Re6 24. Qd3 Qg5+ 25. Kh2 Nf4 0-1

[Event "Sydney International Open"]
[Site "Parramatta, NSW"]
[Date "2009.04.17"]
[Round "6.3"]
[White "Sriram, Jha"]
[Black "Kunte, Abhijit"]
[Result "1/2-1/2"]
[WhiteElo "2453"]
[BlackElo "2513"]
[PlyCount "40"]
[EventDate "2009.04.15"]
[EventType "swiss"]
[EventRounds "9"]
[EventCountry "AUS"]
[SourceDate "2009.04.15"]

1. d4 d5 2. c4 dxc4 3. Nf3 Nf6 4. e3 e6 5. Bxc4 a6 6. O-O c5 7. dxc5 Bxc5 8.
Qxd8+ Kxd8 9. Nbd2 Ke7 10. b3 Nbd7 11. Bb2 b6 12. Be2 Rd8 13. Nc4 Bb7 14. Rfd1
Rac8 15. Rac1 Ke8 16. Kf1 Nb8 17. Rxd8+ Rxd8 18. a3 Nbd7 19. b4 Be7 20. Nfe5
Rc8 1/2-1/2

[Event "Sydney International Open"]
[Site "Parramatta, NSW"]
[Date "2009.04.17"]
[Round "6.4"]
[White "Deepan Chakkravarthy, J."]
[Black "Ghane Gardeh, Shojaat"]
[Result "0-1"]
[WhiteElo "2482"]
[BlackElo "2415"]
[PlyCount "80"]
[EventDate "2009.04.15"]
[EventType "swiss"]
[EventRounds "9"]
[EventCountry "AUS"]
[SourceDate "2009.04.15"]

1. e4 e6 2. d4 d5 3. Nd2 Nf6 4. e5 Nfd7 5. Bd3 c5 6. c3 Nc6 7. Ngf3 Be7 8. O-O
a5 9. Re1 c4 10. Bc2 b5 11. Nf1 Nb6 12. Ng3 h5 13. h4 Bxh4 14. Nxh4 Qxh4 15.
Be3 Kd7 16. Qf3 Nd8 17. Bd1 g6 18. Qe2 Nc6 19. Qd2 Qd8 20. Bg5 Qf8 21. b3 Ba6
22. bxc4 Nxc4 23. Qf4 Ra7 24. Be2 Na3 25. Rac1 Rc7 26. Nf1 Ne7 27. Ne3 Kc8 28.
Nc2 Nc6 29. Nxa3 Qxa3 30. Rb1 Qxc3 31. Rec1 Nxd4 32. Bd1 Qe1+ 33. Kh2 Nc6 34.
Bf6 Re8 35. Bc2 Qe2 36. f3 Qc4 37. Qd2 Qd4 38. Qe2 Qf4+ 39. g3 Nd4 40. Qf2 Qd2
0-1

[Event "Sydney International Open"]
[Site "Parramatta, NSW"]
[Date "2009.04.17"]
[Round "6.5"]
[White "Akshayraj, Kore"]
[Black "Roy Chowdhury, Saptarshi"]
[Result "1-0"]
[WhiteElo "2404"]
[BlackElo "2469"]
[PlyCount "55"]
[EventDate "2009.04.15"]
[EventType "swiss"]
[EventRounds "9"]
[EventCountry "AUS"]
[SourceDate "2009.04.15"]

1. e4 c5 2. Nf3 Nc6 3. Bb5 d6 4. O-O Bd7 5. c3 Nf6 6. Re1 a6 7. Ba4 b5 8. Bc2
Bg4 9. h3 Bxf3 10. Qxf3 g6 11. a4 b4 12. a5 Nd7 13. d4 cxd4 14. Ba4 Rc8 15.
Bxc6 Rxc6 16. e5 Qc8 17. exd6 e6 18. Bg5 Bxd6 19. cxd4 O-O 20. Nd2 Qc7 21. Ne4
Rc8 22. Bh6 Bf8 23. Bxf8 Nxf8 24. d5 Rc2 25. d6 Qc6 26. Qf6 Re8 27. Rad1 Qb7
28. Qg5 1-0

[Event "Sydney International Open"]
[Site "Parramatta, NSW"]
[Date "2009.04.17"]
[Round "6.6"]
[White "Zibaei, Abdoulla"]
[Black "Sengupta, Deep"]
[Result "1/2-1/2"]
[WhiteElo "2067"]
[BlackElo "2466"]
[PlyCount "136"]
[EventDate "2009.04.15"]
[EventType "swiss"]
[EventRounds "9"]
[EventCountry "AUS"]
[SourceDate "2009.04.15"]

1. e4 e6 2. d4 d5 3. Nc3 Nf6 4. e5 Nfd7 5. f4 c5 6. Nf3 Nc6 7. Be3 a6 8. Qd2 b5
9. dxc5 Bxc5 10. Bxc5 Nxc5 11. Nd4 Ne7 12. Bd3 Qb6 13. Qf2 b4 14. Nce2 Bd7 15.
O-O Nxd3 16. cxd3 O-O 17. Nb3 Qd8 18. Ned4 Rc8 19. Rac1 f6 20. exf6 Rxf6 21.
Kh1 e5 22. Ne2 Bb5 23. Qe3 Rxc1 24. Rxc1 exf4 25. Nxf4 Qd6 26. Nh3 h6 27. Nd4
Bd7 28. Ng1 Nf5 29. Nxf5 Bxf5 30. Nf3 Re6 31. Qd2 Qb6 32. d4 Re4 33. Rc5 Be6
34. h3 Qb8 35. Ne5 Qf8 36. Nf3 Bxh3 37. Rxd5 Rg4 38. Ne1 Rh4 39. Kg1 Be6 40.
Re5 Bxa2 41. Nf3 Rg4 42. Qe2 Bf7 43. Rf5 Rg6 44. Ne5 Rf6 45. Nd7 Rxf5 46. Nxf8
Kxf8 47. Qxa6 Rg5 48. Qd6+ Kg8 49. Qxb4 Bd5 50. Qb8+ Kh7 51. g3 h5 52. Kf2 Rf5+
53. Ke2 g5 54. Qc7+ Kg6 55. Qd6+ Kg7 56. b4 Bf7 57. Qc6 h4 58. Qe4 Rf6 59. Qe5
Kg6 60. d5 h3 61. g4 Rf4 62. Qe3 h2 63. Qh3 Rxb4 64. Qh5+ Kf6 65. Qh8+ Ke7 66.
Qe5+ Kf8 67. Qh8+ Ke7 68. Qe5+ Kf8 1/2-1/2

[Event "Sydney International Open"]
[Site "Parramatta, NSW"]
[Date "2009.04.17"]
[Round "6.8"]
[White "Bjelobrk, Igor"]
[Black "Satyapragyan, Swayangsu"]
[Result "1/2-1/2"]
[WhiteElo "2332"]
[BlackElo "2428"]
[PlyCount "80"]
[EventDate "2009.04.15"]
[EventType "swiss"]
[EventRounds "9"]
[EventCountry "AUS"]
[SourceDate "2009.04.15"]

1. Nf3 c5 2. g3 g6 3. Bg2 Bg7 4. c4 Nc6 5. Nc3 d6 6. O-O e5 7. d3 Nge7 8. Bg5
h6 9. Bxe7 Nxe7 10. Ne1 O-O 11. Nc2 f5 12. Ne3 g5 13. Ned5 Ng6 14. Rb1 g4 15.
b4 Rf7 16. bxc5 dxc5 17. Qc1 Be6 18. Qa3 Bf8 19. Rb5 e4 20. dxe4 f4 21. Rd1 Qg5
22. Qc1 Rd8 23. Rb3 b6 24. a4 h5 25. a5 bxa5 26. Ra3 h4 27. Rxa5 Qe5 28. Ra6
Rd6 29. Rxd6 Bxd6 30. Rd3 Kg7 31. Qd1 fxg3 32. fxg3 hxg3 33. hxg3 Qg5 34. e5
Qxe5 35. Ne4 Bf8 36. Qc1 Bf5 37. Qc3 Rb7 38. Ne3 Be6 39. Nf2 Rb1+ 40. Kh2 Qxc3
1/2-1/2

[Event "Sydney International Open"]
[Site "Parramatta, NSW"]
[Date "2009.04.17"]
[Round "6.9"]
[White "Chow, Samuel"]
[Black "Rathnakaran, K."]
[Result "1/2-1/2"]
[WhiteElo "2299"]
[BlackElo "2427"]
[PlyCount "73"]
[EventDate "2009.04.15"]
[EventType "swiss"]
[EventRounds "9"]
[EventCountry "AUS"]
[SourceDate "2009.04.15"]

1. e4 e6 2. d4 d5 3. Nd2 Nf6 4. e5 Nfd7 5. Bd3 c5 6. c3 b6 7. Nh3 Nc6 8. Nf3 h6
9. Be3 g5 10. Nd2 Rg8 11. O-O Bb7 12. f4 g4 13. Nf2 h5 14. f5 Qc7 15. Re1 O-O-O
16. Nf1 Ndxe5 17. dxe5 Nxe5 18. Bf4 Nf3+ 19. gxf3 gxf3+ 20. Bg3 h4 21. Qxf3
hxg3 22. hxg3 e5 23. c4 e4 24. Nxe4 dxe4 25. Bxe4 Bd6 26. Bxb7+ Qxb7 27. Qxb7+
Kxb7 28. Rad1 Rg5 29. Rd5 Bxg3 30. Nxg3 Rxg3+ 31. Kf2 Rxd5 32. cxd5 Rd3 33.
Re7+ Ka6 34. Rxf7 Rxd5 35. Ke3 b5 36. f6 Rf5 37. b3 1/2-1/2

[Event "Sydney International Open"]
[Site "Parramatta, NSW"]
[Date "2009.04.17"]
[Round "6.10"]
[White "Fernandez, Daniel Howard"]
[Black "Lane, Gary"]
[Result "1/2-1/2"]
[WhiteElo "2171"]
[BlackElo "2371"]
[PlyCount "76"]
[EventDate "2009.04.15"]
[EventType "swiss"]
[EventRounds "9"]
[EventCountry "AUS"]
[SourceDate "2009.04.15"]

1. e4 e5 2. Nf3 Nc6 3. Nc3 Nf6 4. d4 exd4 5. Nxd4 Bb4 6. Nxc6 bxc6 7. Bd3 d5 8.
exd5 cxd5 9. O-O O-O 10. Bg5 c6 11. Qf3 Be7 12. Rfe1 Re8 13. h3 h6 14. Bf4 Be6
15. Rad1 Bd6 16. Na4 d4 17. c4 c5 18. b3 a5 19. Be5 Rc8 20. Bxf6 Qxf6 21. Qxf6
gxf6 22. g4 Kg7 23. Bf5 Bxf5 24. gxf5 Re5 25. Rxe5 fxe5 26. Nb6 Re8 27. Nd5 e4
28. Kf1 Re5 29. Re1 h5 30. f4 exf3 31. Rxe5 Bxe5 32. Kf2 Kh6 33. h4 Kg7 34.
Kxf3 Bf6 35. Nf4 Kh6 36. Ng2 Be5 37. Ke4 Bg3 38. Kf3 Bd6 1/2-1/2

[Event "Sydney International Open"]
[Site "Parramatta, NSW"]
[Date "2009.04.17"]
[Round "6.11"]
[White "Morris, James"]
[Black "Karavade, Eesha"]
[Result "1/2-1/2"]
[WhiteElo "2114"]
[BlackElo "2359"]
[PlyCount "57"]
[EventDate "2009.04.15"]
[EventType "swiss"]
[EventRounds "9"]
[EventCountry "AUS"]
[SourceDate "2009.04.15"]

1. Nf3 Nf6 2. g3 g6 3. Bg2 Bg7 4. O-O O-O 5. d4 d5 6. c4 dxc4 7. Na3 Nc6 8.
Nxc4 Be6 9. b3 Bd5 10. Bb2 a5 11. Nfe5 Bxg2 12. Kxg2 Nxe5 13. Nxe5 a4 14. a3
Qd5+ 15. f3 Nd7 16. e4 Qb5 17. Nxd7 Qxd7 18. b4 Rfd8 19. e5 c6 20. Rc1 f6 21.
Qe2 fxe5 22. dxe5 Qd2 23. Rf2 Qxe2 24. Rxe2 Rd5 25. f4 Rad8 26. Rcc2 Kf7 27.
Bc3 Ke6 28. Kf3 Kf7 29. Red2 1/2-1/2

[Event "Sydney International Open"]
[Site "Parramatta, NSW"]
[Date "2009.04.17"]
[Round "6.12"]
[White "Mas, Hafizulhelmi"]
[Black "Mohota, Nisha"]
[Result "1/2-1/2"]
[WhiteElo "2425"]
[BlackElo "2304"]
[PlyCount "33"]
[EventDate "2009.04.15"]
[EventType "swiss"]
[EventRounds "9"]
[EventCountry "AUS"]
[SourceDate "2009.04.15"]

1. e4 e5 2. Nf3 Nc6 3. Bb5 a6 4. Bxc6 dxc6 5. O-O f6 6. d4 Bg4 7. dxe5 Qxd1 8.
Rxd1 fxe5 9. Nbd2 O-O-O 10. Re1 Bd6 11. h3 Bh5 12. g4 Bf7 13. Nh4 h5 14. g5 Ne7
15. Ndf3 g6 16. Be3 c5 17. Red1 1/2-1/2

[Event "Sydney International Open"]
[Site "Parramatta, NSW"]
[Date "2009.04.17"]
[Round "6.13"]
[White "Setiawan, Akwie"]
[Black "Jones, Gawain"]
[Result "0-1"]
[WhiteElo "2185"]
[BlackElo "2550"]
[PlyCount "46"]
[EventDate "2009.04.15"]
[EventType "swiss"]
[EventRounds "9"]
[EventCountry "AUS"]
[SourceDate "2009.04.15"]

1. c4 e5 2. Nc3 Bb4 3. g3 Bxc3 4. dxc3 d6 5. Bg2 Nc6 6. b3 Be6 7. Nf3 h6 8. O-O
Qd7 9. Re1 f5 10. Qc2 Nf6 11. Ba3 O-O 12. Rad1 Qf7 13. Nh4 e4 14. Bf1 f4 15.
Bc1 fxg3 16. hxg3 g5 17. Ng2 Ne5 18. Be3 Qh5 19. Nf4 gxf4 20. Bxf4 Neg4 21. Bg2
Qh2+ 22. Kf1 Nxf2 23. Qd2 Bh3 0-1

[Event "Sydney International Open"]
[Site "Parramatta, NSW"]
[Date "2009.04.17"]
[Round "6.14"]
[White "Mahmud, Syarif"]
[Black "Charles, Gareth"]
[Result "1/2-1/2"]
[WhiteElo "2373"]
[BlackElo "2160"]
[PlyCount "71"]
[EventDate "2009.04.15"]
[EventType "swiss"]
[EventRounds "9"]
[EventCountry "AUS"]
[SourceDate "2009.04.15"]

1. d4 d5 2. Nf3 Nf6 3. c4 dxc4 4. Nc3 a6 5. a4 Nc6 6. e4 Na5 7. Ne5 c5 8. d5 e6
9. Nxc4 Nxc4 10. Bxc4 exd5 11. Nxd5 Be7 12. O-O O-O 13. Re1 Be6 14. b3 Bxd5 15.
exd5 Ne8 16. Ra2 Nd6 17. Rae2 Bf6 18. Qc2 Rc8 19. Bf4 Qd7 20. Bd3 g6 21. g3 b5
22. Bxd6 Qxd6 23. axb5 axb5 24. Bxb5 Qxd5 25. Bc4 Qc6 26. Qd2 Kg7 27. Qf4 Rce8
28. h4 h5 29. Kh2 Rxe2 30. Rxe2 Re8 31. Rd2 Re4 32. Qb8 Be5 33. Qd8 Rd4 34.
Rxd4 Bxd4 35. Bd5 Qf6 36. Qxf6+ 1/2-1/2

[Event "Sydney International Open"]
[Site "Parramatta, NSW"]
[Date "2009.04.17"]
[Round "6.15"]
[White "Cheng, Bobby Sky"]
[Black "Smirnov, Vladimir"]
[Result "1-0"]
[WhiteElo "2103"]
[BlackElo "2365"]
[PlyCount "87"]
[EventDate "2009.04.15"]
[EventType "swiss"]
[EventRounds "9"]
[EventCountry "AUS"]
[SourceDate "2009.04.15"]

1. d4 d5 2. c4 e6 3. Nf3 Nf6 4. Bg5 b6 5. e3 Bb7 6. Nc3 Nbd7 7. Rc1 h6 8. Bh4
Be7 9. cxd5 exd5 10. Bd3 O-O 11. O-O Ne4 12. Bxe7 Qxe7 13. Qe2 a6 14. Nd2 c5
15. dxc5 Nxd2 16. Qxd2 bxc5 17. Bb1 Nf6 18. Rfd1 Rfd8 19. Na4 Rac8 20. Bf5 Rc7
21. Qa5 d4 22. exd4 Rd5 23. Re1 Qd6 24. dxc5 Qc6 25. Bh3 Rg5 26. f3 Qxf3 27.
Qd2 Qxh3 28. Qxg5 Qd7 29. Qg3 Ne4 30. Nb6 Qd4+ 31. Qe3 Qxb2 32. Re2 Qe5 33. Rd1
f5 34. Qd4 Qf4 35. Nd5 Bxd5 36. Qxd5+ Rf7 37. Rf1 Qg4 38. Rc2 Qg5 39. c6 Qe3+
40. Kh1 Nc3 41. Qd8+ Kh7 42. c7 Rxc7 43. Qxc7 Qd3 44. Rcf2 1-0

[Event "Sydney International Open"]
[Site "Parramatta, NSW"]
[Date "2009.04.17"]
[Round "6.16"]
[White "Rej, Tomek"]
[Black "Nakauchi, Gene"]
[Result "1-0"]
[WhiteElo "2308"]
[BlackElo "2076"]
[PlyCount "127"]
[EventDate "2009.04.15"]
[EventType "swiss"]
[EventRounds "9"]
[EventCountry "AUS"]
[SourceDate "2009.04.15"]

1. d4 Nf6 2. c4 c5 3. d5 e6 4. Nc3 exd5 5. cxd5 d6 6. e4 g6 7. Nf3 a6 8. a4 Bg4
9. Be2 Bxf3 10. Bxf3 Bg7 11. O-O O-O 12. Bf4 Qc7 13. Rc1 Nbd7 14. Qd2 Rfe8 15.
Rfe1 Rac8 16. h3 c4 17. b4 h5 18. Be3 Ne5 19. Be2 Nh7 20. a5 Nd3 21. Bxd3 cxd3
22. Na4 Qe7 23. Rxc8 Rxc8 24. Qxd3 Qe8 25. Nb6 Rc3 26. Qb1 Ra3 27. Qc2 Rc3 28.
Qd2 Qb5 29. Qe2 Qxe2 30. Rxe2 Rb3 31. Rc2 Nf6 32. Rc4 h4 33. Bg5 Rb1+ 34. Kh2
Re1 35. Bxh4 Rxe4 36. Bxf6 Rxc4 37. Nxc4 Bxf6 38. Ne3 Bc3 39. Nc2 Kg7 40. Kg3
f5 41. Kf3 Kf6 42. Ke3 Ke5 43. Kd3 Bb2 44. Kc4 f4 45. f3 Bc1 46. Nd4 Be3 47.
Ne6 b5+ 48. axb6 Bxb6 49. Nf8 Kf5 50. Nd7 Bc7 51. b5 axb5+ 52. Kxb5 Bd8 53. Kc6
Be7 54. Nb6 Kg5 55. Nc8 Bf8 56. Nxd6 Kh4 57. Ne4 g5 58. d6 Kh5 59. d7 Be7 60.
Kc7 Kh4 61. d8=Q Bxd8+ 62. Kxd8 g4 63. fxg4 f3 64. gxf3 1-0

[Event "Sydney International Open"]
[Site "Parramatta, NSW"]
[Date "2009.04.17"]
[Round "6.20"]
[White "Safarian, Alek"]
[Black "Wright, Neil"]
[Result "0-1"]
[WhiteElo "2061"]
[BlackElo "2208"]
[PlyCount "50"]
[EventDate "2009.04.15"]
[EventType "swiss"]
[EventRounds "9"]
[EventCountry "AUS"]
[SourceDate "2009.04.15"]

1. d4 d5 2. c4 e5 3. dxe5 d4 4. Nf3 Nc6 5. g3 Nge7 6. Bg2 Ng6 7. O-O Bf5 8. Qa4
Qd7 9. Rd1 Bc5 10. a3 Rd8 11. b4 Be7 12. Bb2 O-O 13. b5 Ncxe5 14. Nxe5 Nxe5 15.
Rxd4 Qe6 16. Bd5 Qh6 17. Nc3 Bc5 18. Rf4 Ng4 19. h4 Nxf2 20. Rxf2 Qe3 21. Nd1
Qxg3+ 22. Kf1 Qxh4 23. e3 Rxd5 24. Bd4 Rxd4 25. exd4 Re8 0-1

[Event "Sydney International Open"]
[Site "Parramatta, NSW"]
[Date "2009.04.17"]
[Round "6.21"]
[White "Dizdarevich, Mehmedalija"]
[Black "Schon, Eugene"]
[Result "1-0"]
[WhiteElo "2081"]
[BlackElo "2186"]
[PlyCount "79"]
[EventDate "2009.04.15"]
[EventType "swiss"]
[EventRounds "9"]
[EventCountry "AUS"]
[SourceDate "2009.04.15"]

1. e4 c5 2. Nf3 Nc6 3. d4 cxd4 4. Nxd4 Nf6 5. Nc3 e5 6. Ndb5 d6 7. Bg5 a6 8.
Na3 b5 9. Bxf6 gxf6 10. Nd5 f5 11. Bd3 Be6 12. Qh5 Rg8 13. O-O f4 14. c3 Rg6
15. Be2 Rh6 16. Qf3 Qh4 17. h3 Bxd5 18. exd5 f5 19. Rfe1 e4 20. Bf1 Ne5 21. Qe2
Rg6 22. Kh1 Ng4 23. Kg1 f3 24. Qxf3 Nh6 25. Nc2 Bg7 26. Nd4 Be5 27. Nxf5 Qf6
28. Nxd6+ Bxd6 29. Qxe4+ Kd7 30. a4 Bc5 31. Re2 Nf5 32. b4 Bb6 33. d6 Rb8 34.
axb5 axb5 35. Rd2 Nxd6 36. Bxb5+ Kc8 37. Qc6+ Bc7 38. Qd7+ Kb7 39. Bc6+ Kb6 40.
Rda2 1-0

[Event "Sydney International Open"]
[Site "Parramatta, NSW"]
[Date "2009.04.17"]
[Round "6.22"]
[White "Hursky, Karel"]
[Black "Solomon, Stephen"]
[Result "0-1"]
[WhiteElo "2084"]
[BlackElo "2455"]
[PlyCount "130"]
[EventDate "2009.04.15"]
[EventType "swiss"]
[EventRounds "9"]
[EventCountry "AUS"]
[SourceDate "2009.04.15"]

1. e4 c5 2. Nf3 d6 3. d4 cxd4 4. Qxd4 a6 5. Bg5 Nc6 6. Qd2 h6 7. Bh4 g5 8. Bg3
Bg7 9. Nc3 Be6 10. O-O-O Qa5 11. a3 Bxc3 12. Qxc3 Qxc3 13. bxc3 Nf6 14. e5 dxe5
15. Nxe5 Rc8 16. Bc4 Bxc4 17. Nxc4 O-O 18. Nb6 Rcd8 19. f3 Kg7 20. Bc7 Rxd1+
21. Rxd1 Kg6 22. c4 h5 23. Nd7 Rc8 24. Bb6 Ne8 25. Bc5 f6 26. Nb6 Rb8 27. Rd7
Kf7 28. g3 Ng7 29. g4 hxg4 30. fxg4 Ne6 31. Bd6 Rd8 32. Rxd8 Nexd8 33. Bg3 e5
34. c3 Ke6 35. Kd2 Ne7 36. h4 gxh4 37. Bxh4 Ng6 38. Bg3 Ne7 39. Bh4 Nf7 40. Na4
Nd6 41. Nc5+ Kf7 42. Kd3 a5 43. Ne4 Nxe4 44. Kxe4 Ke6 45. a4 Ng8 46. Bf2 Nh6
47. Kf3 Nf7 48. Bb6 Nd6 49. Bxa5 Nxc4 50. Bd8 Nd6 51. Ke3 Nf7 52. Ba5 Kd5 53.
Bb4 Nh6 54. Kf3 Kc4 55. Ba5 Kd3 56. Bb6 Nf7 57. Be3 Ng5+ 58. Kf2 Ne4+ 59. Kf3
Nxc3 60. Bh6 Nd5 61. g5 e4+ 62. Kf2 e3+ 63. Ke1 Nb4 64. gxf6 Nc2+ 65. Kd1 e2+
0-1

[Event "Sydney International Open"]
[Site "Parramatta, NSW"]
[Date "2009.04.17"]
[Round "6.23"]
[White "Milligan, Helen"]
[Black "Steadman, Michael"]
[Result "1/2-1/2"]
[WhiteElo "1985"]
[BlackElo "2262"]
[PlyCount "110"]
[EventDate "2009.04.15"]
[EventType "swiss"]
[EventRounds "9"]
[EventCountry "AUS"]
[SourceDate "2009.04.15"]

1. e4 e6 2. d4 d5 3. Nc3 Nc6 4. e5 f6 5. Nf3 fxe5 6. dxe5 Bc5 7. Bd3 Bd7 8. Bg5
Be7 9. h4 Nb4 10. a3 Nxd3+ 11. Qxd3 c5 12. O-O-O Qb6 13. Nd2 O-O-O 14. f4 Be8
15. f5 h6 16. Bf4 Bh5 17. Rdf1 Bg4 18. fxe6 Bxe6 19. Qb5 Qc7 20. Qe2 Qd7 21.
Qb5 Qxb5 22. Nxb5 a6 23. Nd6+ Bxd6 24. exd6 Nf6 25. Be5 Rhf8 26. b3 Rd7 27. Rf4
Rdf7 28. Rhf1 Kd7 29. a4 Ne8 30. Rxf7+ Rxf7 31. Rxf7+ Bxf7 32. Nf3 Be6 33. Kd2
g6 34. Bf4 Nxd6 35. Ne5+ Ke8 36. Nxg6 Ne4+ 37. Ke3 h5 38. Be5 Bf7 39. Nf4 Ng3
40. Bf6 Kd7 41. Nd3 Ke6 42. Bd8 Kd6 43. Bf6 Ne4 44. Be5+ Ke6 45. Kf4 Bg6 46.
Bc7 Bf5 47. Bb6 c4 48. Nb4 cxb3 49. cxb3 Bg6 50. Nd3 Kd6 51. Ne5 Be8 52. a5 Nd2
53. b4 Nc4 54. Bc5+ Ke6 55. Nf3 Kf6 1/2-1/2

[Event "Sydney International Open"]
[Site "Parramatta, NSW"]
[Date "2009.04.17"]
[Round "6.26"]
[White "Oliver, Gareth"]
[Black "Brown, Andrew"]
[Result "0-1"]
[WhiteElo "2187"]
[BlackElo "2085"]
[PlyCount "120"]
[EventDate "2009.04.15"]
[EventType "swiss"]
[EventRounds "9"]
[EventCountry "AUS"]
[SourceDate "2009.04.15"]

1. d4 Nf6 2. c4 g6 3. Nc3 Bg7 4. e4 d6 5. Be2 O-O 6. Nf3 e5 7. O-O Nc6 8. d5
Ne7 9. b4 Nd7 10. Qb3 a5 11. Be3 axb4 12. Qxb4 b6 13. Nd2 f5 14. f3 f4 15. Bf2
g5 16. a4 Rf6 17. a5 bxa5 18. Rxa5 c5 19. Rxa8 cxb4 20. Nb5 Nc5 21. Rfa1 Qb6
22. R1a7 Bf8 23. Nb3 Qd8 24. Nxc5 dxc5 25. Rc7 Ra6 26. Rb8 Ra1+ 27. Be1 Ra5 28.
Rxc5 b3 29. Bc3 Ra8 30. Rxa8 Qb6 31. Bb4 Nxd5 32. Raxc8 Nxb4 33. Kf1 b2 34. Nc3
Qxc5 35. Rxc5 Bxc5 36. Bd1 {White offered a draw.} Bd4 37. Nb1 Kf7 38. Ke2 Ke7
39. Kd2 Kd6 40. Be2 Kc5 41. Bf1 Na6 42. Kc2 Kb4 43. Be2 Nc5 44. Bf1 Nb3 45. Be2
Na1+ 46. Kd2 Be3+ 47. Kd1 Nb3 48. Bf1 Nd4 49. Bd3 Bc1 50. Bf1 Kb3 51. Bd3 h6
52. Bf1 Ne6 53. h3 Nc5 54. Be2 h5 55. Bf1 Na6 56. Bd3 Nb4 57. Ke2 Nxd3 58. Kxd3
Be3 59. Nc3 Bc5 60. Nb1 Bd4 0-1

[Event "Sydney International Open"]
[Site "Parramatta, NSW"]
[Date "2009.04.17"]
[Round "6.27"]
[White "Zulfic, Fedja"]
[Black "Amrutha, Mokal"]
[Result "0-1"]
[WhiteElo "1971"]
[BlackElo "2155"]
[PlyCount "60"]
[EventDate "2009.04.15"]
[EventType "swiss"]
[EventRounds "9"]
[EventCountry "AUS"]
[SourceDate "2009.04.15"]

1. d4 Nf6 2. Nf3 e6 3. e3 b6 4. c4 Bb7 5. Be2 Be7 6. O-O O-O 7. a3 c5 8. Nc3 d5
9. b3 Nbd7 10. Bb2 Rc8 11. Rc1 Bd6 12. h3 Bb8 13. Re1 a6 14. Nb1 Ne4 15. Nbd2
f5 16. b4 f4 17. dxc5 bxc5 18. bxc5 fxe3 19. fxe3 Ndxc5 20. Nxe4 dxe4 21. Qxd8
Rcxd8 22. Nh2 Nd3 23. Bxd3 exd3 24. Rcd1 Bxh2+ 25. Kxh2 Rf2 26. Bd4 Rxg2+ 27.
Kh1 e5 28. e4 Re2 29. Bxe5 Rxe1+ 30. Rxe1 d2 0-1